000 00848nam a22003017a 4500
001 BR2018000683
003 BR-BrBNA
005 20230928105237.0
007 ta
008 230509b bl.||||| |||| 00| 0 por d
040 _aBR-BrBNA
_bpor
_cBiblioteca Nacional de Agricultura
041 _a(Por)
072 _aJ10
_b1823
090 _ 1823 BR2018000683
110 1 _aCompanhia de Entrepostos e Armazéns Gerais de São Paulo, SP (Brasil)
_92393
245 1 _aNormas de classificação: abobrinha ; cucurbita pepo cucurbita moschata
260 3 _aSão Paulo, SP (Brasil):
_c2017.
300 _a6 p.
500 _a27 illus.
650 _aABOBRINHA
650 _aCLASSIFICAÇÃO DE PRODUTO
650 _aPESO
650 _aMEDIÇÃO
650 _aEMBALAGEM
650 _aDANO
909 _a202309
_bLucia
_c55
_dLucia Elande
942 _cBK
999 _c84249
_d84249